Biblioteca

Prophecy & apocalypticism : (Registro nro. 65762)

Detalles MARC
000 -LÍDER
Campo fijo de descripción fija 02718cam a2200445 i 4500
001 - NÚMERO DE CONTROL
Campo de control 768714001
003 - IDENTIFICADOR DEL NÚMERO DE CONTROL
Campo de control CO-MdFUSB
005 - FECHA Y HORA DE LA ULTIMA TRANSACCIÓN
control field 20200810111455.0
007 - CAMPO FIJO DE DESCRIPCIÓN FIJA--INFORMACIÓN GENERAL
Campo fijo de descripción fija ta
008 - ELEMENTOS DE LONGITUD FIJA -- INFORMACIÓN GENERAL
Campo fijo de descripción fija -- Información general 950606t1995 mnua b 001 0 eng
010 ## - NÚMERO DE CONTROL DE LA BIBLIOTECA DEL CONGRESO
Número de control LC 95023148
020 ## - NÚMERO INTERNACIONAL NORMALIZADO PARA LIBROS
Número Internacional Normalizado del libro 080062839X
020 ## - NÚMERO INTERNACIONAL NORMALIZADO PARA LIBROS
Número Internacional Normalizado del libro 9780800628390 (alk. paper)
040 ## - FUENTE DE CATALOGACIÓN
Agencia de catalogación original DLC
Idioma de catalogación eng
Agencia que realiza la transcripción CO-MdFUSB
Agencia que realiza la modificación MUQ
-- CO-MdFUSB
-- NLGGC
-- BTCTA
-- YDXCP
-- BAKER
-- OCLCG
-- GEBAY
-- UKMGB
-- BDX
-- GBVCP
-- OCLCO
-- NCA
-- OCLCA
-- LMR
Convenciones de la descripción rda
041 ## - CÓDIGO DE IDIOMA
Código de idioma para texto/pista de sonido o título separado eng
043 ## - GEOGRAPHIC AREA CODE
Geographic area code a-is---
082 ## - NÚMERO DE CLASIFICACIÓN DECIMAL DEWEY
Número de la edición del Dewey 23
Número de clasificación 221.046
Clave de autor-Numero de item C771
100 1# - ASIENTO PRINCIPAL--NOMBRE PERSONAL
Nombre personal Cook, Stephen L.,
Fechas asociadas con el nombre 1962-
Término relacionador autor
245 10 - TÍTULO
Título del Material Prophecy & apocalypticism :
Parte restante del título - Subtitulo the postexilic social setting /
Mención de responsabilidad, etc. Stephen L. Cook.
246 3# - FORMA VARIANTE DEL TITULO
Título propiamente dicho/forma breve del título Prophecy and apocalypticism.
264 #1 - PRODUCCIÓN, PUBLICACIÓN, DISTRIBUCIÓN, MANUFACTURA, Y COPYRIGHT
Lugar de producción, publicación, distribución, manufactura Minneapolis :
Nombre del productor, publicador, distribuidor Fortress Press,
Fecha de producción, publicación, distribución, manufactura, o copyright [1995]
264 #4 - PRODUCCIÓN, PUBLICACIÓN, DISTRIBUCIÓN, MANUFACTURA, Y COPYRIGHT
Fecha de producción, publicación, distribución, manufactura, o copyright © 1995
300 ## - DESCRIPCIÓN FÍSICA
Extensión x, 246 páginas :
Otros detalles físicos ilustraciones. ;
Dimensiones 23 cm.
336 ## - TIPO DE CONTENIDO
Fuente rdacontent
Término de tipo de contenido texto
Código de tipo de contenido txt
337 ## - TIPO DE MEDIO
Fuente rdamedia
Nombre del tipo de medio sin mediación
Código del tipo de medio n
338 ## - TIPO DE SOPORTE
Fuente rdacarrier
Nombre del tipo de soporte volumen
Código Tipo de soporte nc
504 ## - NOTA DE BIBLIOGRAFÍA, ETC.
Nota de bibliografía, etc Incluye referencias bibliográficas (páginas 223-239)
505 0# - NOTA DE CONTENIDO
Nota de contenido con formato preestablecido Apocalipsis y profecía en investigaciones previas - Un nuevo enfoque interdisciplinario - La sociología de los grupos apocalípticos: el problema de la definición - Una crítica de la teoría causal de la privación - implicaciones para el análisis de grupos milenarios en el poder - Grupos milenarios en el poder: variedades de arenas sociales - Liderazgo, sacerdocio y milenarismo - Efectos del milenarismo en las facciones - La carrera de los grupos milenarios - Importancia para la interpretación de los textos bíblicos.
505 0# - NOTA DE CONTENIDO
Nota de contenido con formato preestablecido Ezequiel 38 y 39: El género de Ezequiel 38-39 - La relación de Ezequiel 38-39 con el resto del libro - Evidencia de la mano de los sacerdotes centrales en Ezequiel 38-39 - Síntesis: La sociología del apocalíptico unidad Ezequiel 38-39 - Evidencia de radicalización y rutinización.
505 0# - NOTA DE CONTENIDO
Nota de contenido con formato preestablecido Zacarías 1-8: Zacarías 1-8 como literatura apocalíptica - La continuidad de la tradición apocalíptica de Zacarías - Zacarías como producto de un grupo sacerdotal central - Restauración en Zacarías 1-8 en comparación con Ezequiel - Síntesis: la sociología del grupo Zacarías - Los comerciantes de Zacarías y el cambio social.
505 0# - NOTA DE CONTENIDO
Nota de contenido con formato preestablecido Joel: El género de Joel 2: 1-11; 3-4 - El lugar de los pericopes apocalípticos dentro de la estructura unificada de Joel - Evidencia de la influencia de los sacerdotes centrales en Joel - La ciencia del grupo milenario de Joel.
563 ## - NOTA DE ENCUADERNACIÓN
Nota de encuadernación Rústico
630 07 - TITULO UNIFORME
Título uniforme Biblia.
Nombre de parte o sección de la obra Ezequiel
630 07 - TITULO UNIFORME
Título uniforme Biblia.
Nombre de parte o sección de la obra Zacarías
630 07 - TITULO UNIFORME
Título uniforme Biblia.
Nombre de parte o sección de la obra Joel
942 ## - TIPO DE MATERIAL (KOHA)
Tipo de Item KOHA Libros General
945 ## - INFORMACIÓN LOCAL DEL REGISTRO
Catalogador JTF-925
Existencias
Estado de Material Estado de Perdido Forma de Clasificación Estado de Dañado No para Préstamo Colección Biblioteca de Origen Biblioteca Permanente Fecha de Adquisición Forma de Adquisición Área Total de Préstamos Signatura Topográfica Código de Barras Última vez visto Ejemplar/Existencia Fecha de Remplazo Tipo de Material
    Dewey Decimal Classification     Colección General Biblioteca FUSBC Biblioteca FUSBC 21/04/2020 Donación Nottingham BIBLIA   G 221.046 C771p 10392 21/04/2020 Ej.1 21/04/2020 Libros General

Biblioteca FUSBC | Teléfono: (57+4) 349 88 10 Ext. 141| WhatsApp (+57) 3005338115 
E-mail: biblioteca@unisbc.edu.co | Calle 76 87-14 Robledo Palenque, Medellín, Colombia

Con tecnología Koha